| 000 | 01526nam2a22002531 4500 | ||
|---|---|---|---|
| 001 | rc\4742782 | ||
| 005 | 20250612165322.0 | ||
| 021 |
_aRU _b[66-31885] |
||
| 035 | _a(NLR Aleph) 008737616 | ||
| 090 |
_a9513327 _c9513327 |
||
| 100 | _a20130416d1965 |||y0rusy50 ca | ||
| 101 | 0 | _arus | |
| 102 | _aRU | ||
| 105 | _aa z ||||| | ||
| 200 | 0 | _aЧ. 1 | |
| 210 |
_d1965 _aБ. м. |
||
| 215 |
_a162 с. _cчерт. |
||
| 320 | _aБиблиогр.: с. 159 (15 назв.) | ||
| 461 | 0 |
_1001rc\4742781 _12001#$aМеталлорежущие станки$eУчеб. пособие для студентов-заочников$e[В 2 ч.]$eЧ. 1-$fМ-во высш. и сред. спец. образования РСФСР. Горьк. политехн. ин-т им. А.А. Жданова. Заоч. фак. Кафедра "Металлорежущие станки и инструмент"$vЧ. 1 _1700#1$aОленичев$bС.И.$gСергей Исакович _99513322 _aОленичев, С.И. _cГорький _d1965 _fМ-во высш. и сред. спец. образования РСФСР. Горьк. политехн. ин-т им. А.А. Жданова. Заоч. фак. Кафедра "Металлорежущие станки и инструмент" _nБ. и. _oУчеб. пособие для студентов-заочников : [В 2 ч.] : Ч. 1- _tМеталлорежущие станки _vЧ. 1 |
|
| 801 | 0 |
_aRU _bNLR _gpsbo |
|
| 801 | 1 |
_aRU _bELAR _2rusmarc |
|
| 852 |
_aNLR _j66-3/2809 |
||
| 942 | _cBOOK | ||
| 980 | _aNB | ||